[Event "EOBCC 2020"]
[Site "Online"]
[Date "2020.12.18"]
[Round "2.51"]
[White "Gazik, Viktor"]
[Black "Koc, Przemyslaw"]
[Result "1-0"]
[WhiteElo "2542"]
[BlackElo "2346"]
[PlyCount "119"]
[EventDate "2020.12.18"]
[EventType "tourn"]
[EventCountry "NET"]

1. e4 c5 2. Nc3 e6 3. Nf3 Nf6 4. e5 Nd5 5. Nxd5 exd5 6. d4 Qb6 7. c3 cxd4 8. cxd4 Nc6 9. Be2 Bb4+ 10. Bd2 Nxd4 11. O-O Bxd2 12. Qxd2 Nxe2+ 13. Qxe2 O-O 14. Qd3 d6 15. Ng5 g6 16. Qxd5 dxe5 17. Qxe5 f6 18. Qd5+ Kg7 19. Ne4 Be6 20. Qc5 Rac8 21. Qxb6 axb6 22. Nc3 Rfd8 23. Rad1 Kf7 24. f3 Ke7 25. Kf2 f5 26. a3 Bb3 27. Rfe1+ Kf7 28. Rxd8 Rxd8 29. g3 Rd2+ 30. Re2 Rxe2+ 31. Nxe2 Kf6 32. Ke3 Ke5 33. h4 h6 34. Nc3 g5 35. hxg5 hxg5 36. f4+ gxf4+ 37. gxf4+ Kf6 38. Kd4 Ke6 39. Nb5 Bc2 40. Nc7+ Kd6 41. Nd5 Bb1 42. Nxb6 Kc6 43. Nc4 Kb5 44. Nd6+ Ka4 45. Kc3 b5 46. b3+ Ka5 47. Nf7 Be4 48. Ne5 Bb1 49. Nc6+ Kb6 50. Nd4 Kc5 51. b4+ Kd5 52. Nxb5 Ke4 53. a4 Kxf4 54. a5 Ke3 55. Nd4 f4 56. b5 f3 57. Nxf3 Kxf3 58. b6 Be4 59. a6 Ke3 60. b7 1-0

[Event "EOBCC 2020"]
[Site "Online"]
[Date "2020.12.18"]
[Round "2.52"]
[White "Iskandarov, Misratdin"]
[Black "Marn, Jan"]
[Result "1-0"]
[WhiteElo "2535"]
[BlackElo "2346"]
[PlyCount "57"]
[EventDate "2020.12.18"]
[EventType "tourn"]
[EventCountry "NET"]

1. c4 e6 2. d4 d5 3. Nf3 c6 4. Nc3 dxc4 5. a4 Bb4 6. e3 b5 7. Bd2 a5 8. Ne5 Qc7 9. Qg4 f6 10. Qh5+ Kf8 11. Ng6+ hxg6 12. Qxh8 Bb7 13. h4 Bxc3 14. bxc3 c5 15. h5 gxh5 16. Qxh5 cxd4 17. exd4 b4 18. Qc5+ Qxc5 19. dxc5 b3 20. Bxc4 Na6 21. Bxb3 Nxc5 22. Bc2 Rd8 23. Be3 Nd3+ 24. Bxd3 Rxd3 25. O-O Rxc3 26. Rfc1 Rxc1+ 27. Rxc1 Ne7 28. Bc5 Ke8 29. Bxe7 1-0

[Event "EOBCC 2020"]
[Site "Online"]
[Date "2020.12.18"]
[Round "2.53"]
[White "Sevgi, Volkan"]
[Black "Abbasov, Farid"]
[Result "0-1"]
[WhiteElo "2359"]
[BlackElo "2528"]
[PlyCount "148"]
[EventDate "2020.12.18"]
[EventType "tourn"]
[EventCountry "NET"]

1. e4 g6 2. Nc3 Bg7 3. g3 c5 4. Bg2 Nc6 5. d3 Rb8 6. Be3 d6 7. Qd2 b5 8. h3 b4 9. Nd1 a5 10. Ne2 Bd7 11. O-O Nd4 12. c3 Nxe2+ 13. Qxe2 Bb5 14. Qd2 bxc3 15. Nxc3 Bd7 16. d4 cxd4 17. Bxd4 Nf6 18. e5 dxe5 19. Bxe5 O-O 20. Rfd1 Be6 21. Qf4 Qb6 22. Bxb8 Rxb8 23. Na4 Qb5 24. Bc6 Qb4 25. Qxb4 axb4 26. b3 Ne8 27. Rac1 Bxh3 28. Bxe8 Rxe8 29. Rc7 Be5 30. Rb7 Bd6 31. Nb6 Bg4 32. Re1 Be6 33. Ra7 Rb8 34. Ra8 Rxa8 35. Nxa8 h5 36. Nb6 g5 37. Nc4 Bc7 38. Ne5 h4 39. Kg2 Kg7 40. Nd3 hxg3 41. fxg3 Bd6 42. Rc1 Bd5+ 43. Kf2 f5 44. Rc8 f4 45. gxf4 gxf4 46. Rc1 Kf6 47. Ke2 e5 48. Rf1 Kf5 49. Rd1 Ke6 50. Nf2 e4 51. Rh1 f3+ 52. Ke1 e3 53. Rh6+ Kd7 54. Nd3 Be4 55. Nf2 exf2+ 56. Kxf2 Bc5+ 57. Kg3 f2 58. Rf6 Bd3 59. Kg2 f1=Q+ 60. Rxf1 Bxf1+ 61. Kxf1 Kd6 62. Ke2 Kd5 63. Kd3 Bd4 64. Kc2 Ke4 65. Kd2 Bc3+ 66. Ke2 Kd4 67. Kd1 Kd3 68. Kc1 Be5 69. Kb1 Kc3 70. Kc1 Bf4+ 71. Kb1 Be3 72. Ka1 Kc2 73. a3 bxa3 74. Ka2 Bc5 0-1

[Event "EOBCC 2020"]
[Site "Online"]
[Date "2020.12.18"]
[Round "2.54"]
[White "Nasuta, Grzegorz"]
[Black "Pajeken, Jakob Leon"]
[Result "0-1"]
[WhiteElo "2535"]
[BlackElo "2323"]
[PlyCount "116"]
[EventDate "2020.12.18"]
[EventType "tourn"]
[EventCountry "NET"]

1. e4 e5 2. Nf3 Nc6 3. Bc4 Bc5 4. O-O Nf6 5. d3 O-O 6. h3 a6 7. c3 d6 8. Bb3 Ba7 9. Re1 h6 10. Nbd2 Nh5 11. Nf1 Qf6 12. Be3 Bxe3 13. fxe3 Qe7 14. g4 Nf6 15. Ng3 g6 16. Kh2 Kh7 17. Qe2 Be6 18. Rf1 Ng8 19. Rf2 Na5 20. Bc2 c5 21. Raf1 f6 22. a3 Nc6 23. d4 cxd4 24. exd4 Na5 25. b4 Bc4 26. Bd3 Bxd3 27. Qxd3 Nc6 28. d5 Nb8 29. h4 Nd7 30. h5 g5 31. c4 Rfc8 32. Nf5 Qf8 33. Ne3 Rc7 34. Rc2 Rac8 35. Rfc1 b6 36. Nd2 Nb8 37. Nb3 Qe8 38. Nf5 Qd8 39. c5 Ne7 40. Nxd6 Qd7 41. Nxc8 Rxc8 42. cxb6 Rxc2+ 43. Rxc2 Qxg4 44. Qh3 Qf4+ 45. Qg3 Qxe4 46. Rd2 Nf5 47. Qd3 Qh4+ 48. Kg1 e4 49. Qf1 Ne3 50. Qxf6 Qe1+ 51. Kh2 Ng4+ 52. Kh3 Qh4+ 53. Kg2 Nxf6 54. d6 e3 55. d7 Nbxd7 56. Rd6 Qg4+ 57. Kh1 Qh3+ 58. Kg1 Qg3+ 0-1

[Event "EOBCC 2020"]
[Site "Online"]
[Date "2020.12.18"]
[Round "2.55"]
[White "Sochacki, Wojtek"]
[Black "Sadzikowski, Daniel"]
[Result "0-1"]
[WhiteElo "2320"]
[BlackElo "2528"]
[PlyCount "114"]
[EventDate "2020.12.18"]
[EventType "tourn"]
[EventCountry "NET"]

1. d4 Nf6 2. Nf3 e6 3. c4 b6 4. g3 Bb7 5. Bg2 Bb4+ 6. Nbd2 O-O 7. O-O a5 8. Qc2 Bxd2 9. Bxd2 d6 10. Rfe1 Be4 11. Qc1 Nbd7 12. Bc3 h6 13. Qd2 Qe7 14. Rad1 Rfe8 15. Qe3 Rac8 16. b3 Bh7 17. Qc1 Be4 18. Qe3 Bh7 19. Qc1 Ne4 20. Bb2 f5 21. Nd2 Nxd2 22. Qxd2 Nf6 23. f3 e5 24. e3 Bg6 25. Qc3 Bh5 26. Rd2 Kh8 27. h3 Bg6 28. Rde2 Qf7 29. f4 exd4 30. exd4 Bh5 31. Rxe8+ Rxe8 32. d5 Rxe1+ 33. Qxe1 Nd7 34. Qe6 Qxe6 35. dxe6 Nc5 36. e7 Be8 37. Bd5 c6 38. Bf3 Kg8 39. g4 fxg4 40. hxg4 Kf7 41. Kf2 g6 42. Ke3 Kxe7 43. f5 gxf5 44. gxf5 h5 45. Kf4 Nd3+ 46. Kg5 Nxb2 47. f6+ Kf8 48. a3 Nd3 49. Kf5 Nc5 50. b4 axb4 51. axb4 Na6 52. b5 cxb5 53. cxb5 Nc7 54. Bc6 Bxc6 55. bxc6 Kf7 56. Kg5 b5 57. Kxh5 Kxf6 0-1

[Event "EOBCC 2020"]
[Site "Online"]
[Date "2020.12.18"]
[Round "2.56"]
[White "Rustemov, Alexander"]
[Black "Hurdzan, Tomas"]
[Result "1/2-1/2"]
[WhiteElo "2525"]
[BlackElo "2317"]
[PlyCount "99"]
[EventDate "2020.12.18"]
[EventType "tourn"]
[EventCountry "NET"]

1. d4 Nf6 2. c4 g6 3. Nf3 Bg7 4. g3 O-O 5. Bg2 d6 6. Nc3 Nbd7 7. O-O e5 8. e4 exd4 9. Nxd4 Re8 10. h3 a5 11. Re1 Nc5 12. Bf4 Nfd7 13. b3 Ne5 14. Be3 c6 15. Rb1 Qe7 16. Qc2 h5 17. Rbd1 Qf8 18. f4 Ned7 19. Bf2 Nf6 20. a3 Qe7 21. b4 axb4 22. axb4 Ne6 23. Nf5 gxf5 24. exf5 Qc7 25. fxe6 Bxe6 26. Qd3 Qd7 27. Kh2 Ra3 28. Bd4 Bf5 29. Rxe8+ Nxe8 30. Qd2 Nf6 31. Qb2 Ra8 32. Nd5 cxd5 33. Bxf6 Bxf6 34. Qxf6 Qe6 35. Qxe6 Bxe6 36. cxd5 Bf5 37. Rd2 Ra3 38. Rb2 Rd3 39. b5 b6 40. Ra2 Rb3 41. Ra8+ Kg7 42. Rd8 Rxb5 43. Rxd6 Rb2 44. Kg1 Rb1+ 45. Kf2 Rb2+ 46. Kf3 Rb3+ 47. Kf2 Rb2+ 48. Kg1 Rb1+ 49. Kh2 Rb2 50. Kg1 1/2-1/2

[Event "EOBCC 2020"]
[Site "Online"]
[Date "2020.12.18"]
[Round "2.57"]
[White "Gabdrakhmanov, Azat"]
[Black "Hjartarson, Johann"]
[Result "1/2-1/2"]
[WhiteElo "2319"]
[BlackElo "2525"]
[PlyCount "91"]
[EventDate "2020.12.18"]
[EventType "tourn"]
[EventCountry "NET"]

1. e4 g6 2. d4 Bg7 3. Nc3 d6 4. f4 Nf6 5. Nf3 O-O 6. Bd3 Nc6 7. e5 dxe5 8. fxe5 Nh5 9. Ne2 f6 10. exf6 exf6 11. O-O f5 12. Bg5 Qd6 13. c3 Kh8 14. Qd2 Be6 15. Nf4 Nxf4 16. Bxf4 Qd7 17. Bb5 a6 18. Ne5 Bxe5 19. Bxe5+ Kg8 20. Bxc6 Qxc6 21. Qh6 Rf7 22. b3 Bd5 23. Qg5 Qxc3 24. Rac1 Qb2 25. Rf2 Qa3 26. Rcf1 Raf8 27. h4 Qe7 28. Qg3 Be4 29. Rc1 Qd8 30. h5 g5 31. Bxc7 Qxd4 32. Be5 Qd8 33. Rc8 Qd1+ 34. Rf1 Qxh5 35. Rxf8+ Rxf8 36. Bd4 f4 37. Qe1 Qg6 38. Bb2 h6 39. Qc3 Kh7 40. Rd1 Bc6 41. Rd6 Qf7 42. Qd3+ Qf5 43. Qd4 Qf7 44. Qd3+ Qf5 45. Qd4 Qf7 46. Qd3+ 1/2-1/2

[Event "EOBCC 2020"]
[Site "Online"]
[Date "2020.12.18"]
[Round "2.58"]
[White "Olszewski, Michal"]
[Black "Karpus, Michal"]
[Result "0-1"]
[WhiteElo "2525"]
[BlackElo "2311"]
[PlyCount "84"]
[EventDate "2020.12.18"]
[EventType "tourn"]
[EventCountry "NET"]

1. e4 e5 2. Nf3 Nc6 3. Bb5 a6 4. Ba4 Nf6 5. O-O Be7 6. Qe2 b5 7. Bb3 O-O 8. c3 d5 9. d3 h6 10. Rd1 Re8 11. Nbd2 Be6 12. Nf1 Qd7 13. Ng3 Rad8 14. h3 b4 15. Ba4 Qd6 16. Bxc6 Qxc6 17. Nxe5 Qb6 18. Be3 c5 19. f4 Bc8 20. c4 dxe4 21. dxe4 Bb7 22. Nf5 Bf8 23. Rxd8 Rxd8 24. Ng4 Nxg4 25. Qxg4 Bxe4 26. Ng3 Bb7 27. f5 Qf6 28. Rf1 Kh8 29. b3 Re8 30. Nh5 Qe5 31. Bf4 Qd4+ 32. Kh2 Qe4 33. Rf2 Bc8 34. Bg3 Qxg4 35. hxg4 Bb7 36. Nf4 Re4 37. Rd2 Kg8 38. Kh3 Be7 39. Nd5 Bg5 40. Bd6 Bxd2 41. Bxc5 Bxd5 42. cxd5 Re5 0-1

[Event "EOBCC 2020"]
[Site "Online"]
[Date "2020.12.18"]
[Round "2.59"]
[White "Han, Yichen"]
[Black "Demidov, Mikhail"]
[Result "0-1"]
[WhiteElo "2307"]
[BlackElo "2526"]
[PlyCount "74"]
[EventDate "2020.12.18"]
[EventType "tourn"]
[EventCountry "NET"]

1. e4 Nf6 2. e5 Nd5 3. d4 d6 4. exd6 exd6 5. c4 Nb6 6. Nc3 Be7 7. Be2 O-O 8. Be3 Bg5 9. Nf3 Bxe3 10. fxe3 Re8 11. Qd2 N8d7 12. O-O Nf6 13. Bd3 c5 14. d5 h6 15. Rae1 Nbd7 16. b3 a6 17. a4 Ne5 18. Nxe5 Rxe5 19. Qc2 Qe7 20. Rf3 Bd7 21. h3 Re8 22. Qf2 Bc8 23. Nd1 Rg5 24. Kh1 Nd7 25. Rf5 Ne5 26. Rxe5 Rxe5 27. e4 f5 28. Nc3 fxe4 29. Bxe4 Bf5 30. Bxf5 Rxe1+ 31. Kh2 Qe5+ 32. g3 Qxc3 33. Be6+ R1xe6 34. dxe6 Rxe6 35. Qg2 Qxb3 36. Qd5 Qc2+ 37. Kg1 Qe4 0-1

[Event "EOBCC 2020"]
[Site "Online"]
[Date "2020.12.18"]
[Round "2.60"]
[White "Djukic, Nikola"]
[Black "Eren, Ataberk"]
[Result "0-1"]
[WhiteElo "2521"]
[BlackElo "2321"]
[PlyCount "158"]
[EventDate "2020.12.18"]
[EventType "tourn"]
[EventCountry "NET"]

1. e4 e6 2. d4 d5 3. Nc3 Nf6 4. e5 Nfd7 5. f4 c5 6. Nf3 Nc6 7. Be3 Be7 8. dxc5 O-O 9. a3 Bxc5 10. Qd2 Qb6 11. Bxc5 Nxc5 12. O-O-O Bd7 13. Nd4 Rac8 14. Be2 Rfd8 15. Kb1 Be8 16. Nxc6 bxc6 17. Qd4 Rb8 18. Na2 Ne4 19. Qxb6 Rxb6 20. Rhf1 Rdb8 21. b3 c5 22. Bf3 f5 23. exf6 Nxf6 24. Ka1 Bg6 25. Rd2 a5 26. Re1 a4 27. b4 cxb4 28. Nxb4 Rc8 29. Kb2 Kf7 30. Re3 Rc4 31. g3 Be4 32. Be2 Rc8 33. Rc3 Rxc3 34. Kxc3 Bf5 35. Kd4 Rb8 36. Bd3 Rc8 37. Re2 Ne4 38. Re3 Nd6 39. Ke5 Ke7 40. Bxf5 Nc4+ 41. Kd4 Nxe3 42. Kxe3 exf5 43. Nxd5+ Kd6 44. Nb6 Rxc2 45. Nxa4 Rxh2 46. Nb6 Rg2 47. Kf3 Ra2 48. Nc4+ Kd5 49. Ne3+ Ke6 50. Nc4 Rc2 51. Ne3 Rc3 52. a4 Ra3 53. a5 Rxa5 54. Nc4 Ra4 55. Ne5 Ra3+ 56. Kf2 Kd5 57. Nf3 h6 58. Ke2 Ke4 59. Nd2+ Kd5 60. Nf3 Rxf3 61. Kxf3 Kd4 62. Kf2 Ke4 63. Ke2 g6 64. Kf2 Kd3 65. Kf3 Kd2 66. Kf2 h5 67. Kf3 Ke1 68. Kg2 Ke2 69. Kg1 Kf3 70. Kh2 Kf2 71. Kh3 Kg1 72. Kh4 Kg2 73. Kg5 Kxg3 74. Kxg6 Kxf4 75. Kxh5 Ke3 76. Kh4 f4 77. Kh3 f3 78. Kg3 Ke2 79. Kh2 f2 0-1

[Event "EOBCC 2020"]
[Site "Online"]
[Date "2020.12.18"]
[Round "2.61"]
[White "Paszewski, Mateusz"]
[Black "Brunello, Sabino"]
[Result "1/2-1/2"]
[WhiteElo "2302"]
[BlackElo "2519"]
[PlyCount "71"]
[EventDate "2020.12.18"]
[EventType "tourn"]
[EventCountry "NET"]

1. Nf3 d5 2. e3 Nf6 3. c4 e6 4. b3 Nbd7 5. Bb2 b6 6. Nc3 Bb7 7. Be2 a6 8. Rc1 Bd6 9. cxd5 exd5 10. O-O O-O 11. Qc2 Re8 12. Qb1 Qe7 13. Bd3 c5 14. Ne2 d4 15. Ng3 Bxf3 16. gxf3 Ne5 17. Be2 d3 18. Bd1 Qd7 19. f4 Ng6 20. Qxd3 Rad8 21. Qf5 Qe7 22. Bxf6 gxf6 23. Nh5 Kh8 24. Qxf6+ Qxf6 25. Nxf6 Re6 26. Nh5 Ne7 27. Bc2 Bb8 28. Rcd1 Red6 29. d3 Nd5 30. Ng3 Nb4 31. Bb1 Nxd3 32. Ne4 R6d7 33. Nf6 Rd6 34. Ne4 R6d7 35. Nf6 Rd6 36. Ne4 1/2-1/2

[Event "EOBCC 2020"]
[Site "Online"]
[Date "2020.12.18"]
[Round "2.62"]
[White "Jovanovic, Zoran"]
[Black "Fataliyeva, Ulviyya"]
[Result "1-0"]
[WhiteElo "2517"]
[BlackElo "2301"]
[PlyCount "47"]
[EventDate "2020.12.18"]
[EventType "tourn"]
[EventCountry "NET"]

1. e4 e6 2. d4 d5 3. Nc3 Nf6 4. Bg5 Bb4 5. e5 h6 6. Bd2 Bxc3 7. Bxc3 Ne4 8. Bd2 O-O 9. Be3 f6 10. f3 fxe5 11. fxe4 Qh4+ 12. Kd2 Qxe4 13. Nf3 exd4 14. Nxd4 c5 15. Bd3 Qxg2+ 16. Qe2 Qh3 17. Nb5 d4 18. Bf2 Nc6 19. Bg3 e5 20. Raf1 Bg4 21. Qe4 Bf5 22. Rxf5 Rxf5 23. Qxf5 Qxh2+ 24. Rxh2 1-0

[Event "EOBCC 2020"]
[Site "Online"]
[Date "2020.12.18"]
[Round "2.63"]
[White "Myshakov, Fyodor"]
[Black "Suleymanli, Aydin"]
[Result "0-1"]
[WhiteElo "2292"]
[BlackElo "2512"]
[PlyCount "104"]
[EventDate "2020.12.18"]
[EventType "tourn"]
[EventCountry "NET"]

1. c4 e5 2. Nc3 Bb4 3. Nd5 Bc5 4. d3 c6 5. Nc3 Nf6 6. Nf3 d6 7. g3 O-O 8. Bg2 a6 9. O-O h6 10. a3 Ba7 11. b4 Re8 12. Bb2 Bf5 13. a4 Nbd7 14. b5 Qc7 15. a5 Bc5 16. Qb3 Bh7 17. b6 Qd8 18. Na4 e4 19. dxe4 Nxe4 20. e3 Qe7 21. Rad1 Rad8 22. Nd4 Ndf6 23. Ba3 Qe5 24. Nf3 Qh5 25. Nxc5 Nxc5 26. Bxc5 Qxc5 27. Qa2 Be4 28. Rd4 Qh5 29. Nh4 Bxg2 30. Nxg2 Ng4 31. h4 Ne5 32. Ne1 c5 33. Rd5 Qg4 34. Kg2 Qe4+ 35. Kg1 Nxc4 36. Rd1 Ne5 37. Qb1 Qc6 38. e4 Nc4 39. f3 Nxa5 40. Nd3 Nc4 41. Qc1 Nxb6 42. Nf4 d5 43. exd5 Nxd5 44. Nxd5 Rxd5 45. Rde1 Rde5 46. Rd1 Qg6 47. Qf4 Rf5 48. Qg4 Qf6 49. Rd7 h5 50. Qc4 Rxf3 51. Rxf3 Qxf3 52. Qc2 Re1+ 0-1

[Event "EOBCC 2020"]
[Site "Online"]
[Date "2020.12.18"]
[Round "2.64"]
[White "Beydullayeva, Govhar"]
[Black "Klekowski, Maciej"]
[Result "1-0"]
[WhiteElo "2263"]
[BlackElo "2510"]
[PlyCount "89"]
[EventDate "2020.12.18"]
[EventType "tourn"]
[EventCountry "NET"]

1. Nf3 f5 2. g3 Nf6 3. Bg2 g6 4. O-O Bg7 5. d4 O-O 6. c4 d6 7. Nc3 Qe8 8. Re1 Nc6 9. d5 Na5 10. Qd3 c5 11. b3 a6 12. Bd2 Rb8 13. Na4 Qd8 14. Qc3 b6 15. Nxb6 Nxb3 16. Qxb3 Rxb6 17. Qc2 Ne4 18. Ba5 Bxa1 19. Rxa1 Bd7 20. Bxb6 Qxb6 21. Rb1 Qa5 22. Rb7 Rd8 23. h4 h6 24. h5 g5 25. g4 Nf6 26. gxf5 Kf7 27. e4 Nxh5 28. e5 Bc8 29. Rb3 Qc7 30. f6 Kg8 31. Qg6+ Kf8 32. Qxh6+ Kg8 33. Qxh5 exf6 34. exf6 g4 35. Qg6+ Kf8 36. Ng5 Re8 37. Nh7+ Qxh7 38. Qxh7 Re1+ 39. Kh2 Ke8 40. Qg8+ Kd7 41. f7 Re5 42. f8=Q g3+ 43. fxg3 Bb7 44. Qgf7+ Re7 45. Q7xe7# 1-0

[Event "EOBCC 2020"]
[Site "Online"]
[Date "2020.12.18"]
[Round "2.65"]
[White "Smirnova, Ekaterina"]
[Black "Krzyzanowski, Marcin"]
[Result "0-1"]
[WhiteElo "2239"]
[BlackElo "2503"]
[PlyCount "96"]
[EventDate "2020.12.18"]
[EventType "tourn"]
[EventCountry "NET"]

1. d4 Nf6 2. c4 d6 3. Nc3 e5 4. d5 a5 5. e4 Nbd7 6. Bd3 Nc5 7. Bc2 Be7 8. Nge2 Nh5 9. O-O O-O 10. Be3 Bg5 11. Qd2 Bxe3 12. Qxe3 Bd7 13. b3 Qf6 14. a3 Nf4 15. b4 Na6 16. Rab1 b6 17. Nb5 Qg5 18. Nxf4 exf4 19. Qc3 axb4 20. axb4 Bg4 21. Nd4 Nb8 22. Ra1 Nd7 23. Nf3 Bxf3 24. Qxf3 Ne5 25. Qh3 Qf6 26. Rac1 Ra2 27. Bd1 Rb2 28. Qc3 Ra8 29. Qxb2 Nf3+ 30. Bxf3 Qxb2 31. c5 Qxb4 32. cxd6 cxd6 33. Rc6 g6 34. h4 Kg7 35. h5 Ra2 36. Rc7 Rd2 37. Bg4 Kf6 38. h6 Qxe4 39. Bf3 Qd4 40. Rc8 b5 41. Rh8 Kg5 42. Rxh7 b4 43. Rxf7 Kxh6 44. Rb7 Kg5 45. Rb5 Rb2 46. Rb8 b3 47. Rb7 Qd3 48. Rb8 Rb1 0-1

[Event "EOBCC 2020"]
[Site "Online"]
[Date "2020.12.18"]
[Round "2.66"]
[White "Budisavljevic, Luka"]
[Black "Dzida, Kamil"]
[Result "1-0"]
[WhiteElo "2492"]
[BlackElo "2239"]
[PlyCount "55"]
[EventDate "2020.12.18"]
[EventType "tourn"]
[EventCountry "NET"]

1. d4 Nf6 2. Nf3 e6 3. Bf4 c5 4. e3 d5 5. c3 Nc6 6. Nbd2 Bd6 7. Bg3 O-O 8. Bd3 b6 9. e4 dxe4 10. Nxe4 Nxe4 11. Bxe4 Bb7 12. dxc5 Bxc5 13. Qa4 Rc8 14. Rd1 Qf6 15. Rd7 Ba8 16. O-O b5 17. Qc2 g6 18. Rfd1 Rfd8 19. Bh4 Qf4 20. Bxd8 Nb4 21. cxb4 Bxe4 22. Qe2 Bxb4 23. Bf6 Qxf6 24. Qxe4 Qxb2 25. Rd8+ Rxd8 26. Rxd8+ Kg7 27. Qd4+ Qxd4 28. Nxd4 1-0

[Event "EOBCC 2020"]
[Site "Online"]
[Date "2020.12.18"]
[Round "2.67"]
[White "Pakleza, Zbigniew"]
[Black "Gurvich, Vitaly"]
[Result "1-0"]
[WhiteElo "2501"]
[BlackElo "2230"]
[PlyCount "109"]
[EventDate "2020.12.18"]
[EventType "tourn"]
[EventCountry "NET"]

1. d4 Nf6 2. Nf3 e6 3. Bf4 b6 4. e3 Bb7 5. h3 g6 6. Be2 Bg7 7. O-O O-O 8. c4 d6 9. Nc3 Nbd7 10. Bh2 Qe7 11. Rc1 a6 12. b4 e5 13. Re1 Rfe8 14. c5 bxc5 15. bxc5 dxc5 16. dxe5 Ne4 17. Nd5 Qd8 18. e6 Bxd5 19. Qxd5 Rxe6 20. Red1 Nd6 21. Ng5 Rf6 22. Ne4 Rf5 23. Qc6 Ne5 24. Qa4 h5 25. Rxc5 Qe7 26. Nxd6 cxd6 27. Rcd5 Rf6 28. Bf4 Re6 29. Qa3 Kh7 30. Bg3 Rc8 31. Qxa6 Rc2 32. R5d2 Rxd2 33. Rxd2 h4 34. Bf4 Qc7 35. Qa3 Bf6 36. Qb3 Kg7 37. Rc2 Qa5 38. Bf1 Nd7 39. a4 Nc5 40. Qb5 Qxa4 41. Rxc5 Qd1 42. Rd5 Qa1 43. Rxd6 Re7 44. Ra6 Qc3 45. Bg5 Bxg5 46. Qxg5 Rd7 47. Qxh4 Qc1 48. Qc4 Rd1 49. Qxc1 Rxc1 50. g3 f5 51. Kg2 Rc2 52. h4 Rb2 53. Bc4 Rc2 54. Bd5 Rd2 55. e4 1-0

[Event "EOBCC 2020"]
[Site "Online"]
[Date "2020.12.18"]
[Round "2.68"]
[White "Jagodzinski, Piotr"]
[Black "Jakubowski, Krzysztof"]
[Result "0-1"]
[WhiteElo "2145"]
[BlackElo "2497"]
[PlyCount "186"]
[EventDate "2020.12.18"]
[EventType "tourn"]
[EventCountry "NET"]

1. Nf3 d5 2. b3 Bf5 3. Bb2 e6 4. e3 Nf6 5. d4 a5 6. Bd3 Bg6 7. O-O Nbd7 8. c4 a4 9. Bxg6 hxg6 10. Nbd2 c6 11. Qc2 Be7 12. Rfe1 O-O 13. h3 Qb6 14. Bc3 axb3 15. axb3 Bb4 16. Reb1 Rfc8 17. Qb2 Rxa1 18. Rxa1 Bxc3 19. Qxc3 c5 20. Qa5 cxd4 21. exd4 dxc4 22. bxc4 Qxa5 23. Rxa5 b6 24. Ra7 Kf8 25. g3 Ke8 26. Kf1 Nb8 27. Ne5 Nfd7 28. f4 Nxe5 29. dxe5 Nc6 30. Rb7 Na5 31. Rxb6 Nxc4 32. Nxc4 Rxc4 33. Rb7 Rc2 34. Kg1 Rd2 35. Rb8+ Ke7 36. Rb7+ Ke8 37. Rb8+ Ke7 38. Rg8 Rd3 39. Kf2 Rd2+ 40. Kf3 Ra2 41. h4 Ra4 42. Kg4 f5+ 43. exf6+ Kxf6 44. Rf8+ Ke7 45. Rb8 Kf6 46. Rb7 Ra3 47. Rb5 Rc3 48. Kh3 Ra3 49. Kg2 Rc3 50. Kh3 Ra3 51. Rc5 Rb3 52. Kg2 Rd3 53. g4 Ra3 54. g5+ Kf7 55. Rc7+ Kf8 56. Rc6 Kf7 57. Rc7+ Kf8 58. h5 gxh5 59. g6 h4 60. Rf7+ Kg8 61. Rc7 Kf8 62. Rf7+ Kg8 63. f5 Rg3+ 64. Kh2 exf5 65. Rxf5 Rxg6 66. Kh3 Rh6 67. Rg5 Kh7 68. Rb5 Kg8 69. Rb7 Kh7 70. Rb5 Kg6 71. Rc5 Kf6 72. Rc6+ Kg5 73. Rc5+ Kg6 74. Rc6+ Kh5 75. Rc5+ g5 76. Rd5 Ra6 77. Kh2 Ra2+ 78. Kg1 Kg4 79. Rd4+ Kg3 80. Rd3+ Kf4 81. Rd8 g4 82. Rd4+ Kf3 83. Rd3+ Ke4 84. Rb3 Rd2 85. Rb4+ Rd4 86. Rb3 Kf4 87. Rb8 Re4 88. Kg2 Re2+ 89. Kf1 Ra2 90. Rb4+ Kg3 91. Rb3+ Kh2 92. Rb4 Kh3 93. Rb2 Rxb2 0-1

[Event "EOBCC 2020"]
[Site "Online"]
[Date "2020.12.18"]
[Round "2.69"]
[White "Szczurek, Krzysztof"]
[Black "Maiorov, Nikita"]
[Result "0-1"]
[WhiteElo "2031"]
[BlackElo "2495"]
[PlyCount "58"]
[EventDate "2020.12.18"]
[EventType "tourn"]
[EventCountry "NET"]

1. d4 Nf6 2. Nc3 d5 3. Bf4 a6 4. e3 c5 5. Qd2 cxd4 6. exd4 Nc6 7. f3 e6 8. O-O-O Be7 9. g4 b5 10. h4 Qa5 11. Kb1 Nd7 12. Qh2 Qb6 13. Be3 Qb7 14. f4 Nb6 15. f5 exf5 16. gxf5 Bxf5 17. Bh3 Bxh3 18. Nxh3 b4 19. Ne2 Nc4 20. Bc1 Na3+ 21. bxa3 bxa3+ 22. Ka1 Rb8 23. Nc3 O-O 24. Qg2 Bb4 25. Bd2 Nxd4 26. Rc1 Rfc8 27. Rhg1 g6 28. Nxd5 Bxd2 29. Rb1 Nxc2# 0-1

[Event "EOBCC 2020"]
[Site "Online"]
[Date "2020.12.18"]
[Round "2.70"]
[White "Myrmus, Mateusz"]
[Black "Kourkoulos-Arditis, Stamatis"]
[Result "0-1"]
[WhiteElo "1683"]
[BlackElo "2485"]
[PlyCount "98"]
[EventDate "2020.12.18"]
[EventType "tourn"]
[EventCountry "NET"]

1. e4 e6 2. d4 d5 3. Nd2 Be7 4. Bd3 c5 5. exd5 Qxd5 6. Bb5+ Bd7 7. Bxd7+ Nxd7 8. Ngf3 cxd4 9. O-O Ngf6 10. Nb3 e5 11. Re1 Bb4 12. Bd2 Bxd2 13. Qxd2 O-O 14. Rad1 Rac8 15. c3 d3 16. Qxd3 Qxd3 17. Rxd3 e4 18. Rxd7 Nxd7 19. Rxe4 Rfe8 20. Rxe8+ Rxe8 21. Kf1 f6 22. Nfd4 a6 23. Na5 Nc5 24. g3 b6 25. Nc4 b5 26. Ne3 Na4 27. Nd1 Kf7 28. h4 g6 29. b3 Nc5 30. Ne3 Ne4 31. c4 Rd8 32. Nf3 Nd2+ 33. Nxd2 Rxd2 34. cxb5 axb5 35. a4 bxa4 36. bxa4 Ra2 37. Kg2 Rxa4 38. Kg1 Ke6 39. Kg2 f5 40. Kg1 f4 41. Ng2 f3 42. Nf4+ Kf5 43. Kh2 Ra2 44. Kg1 Ra1+ 45. Kh2 Rf1 46. Nh3 h6 47. h5 g5 48. Ng1 Rxf2+ 49. Kh1 Kg4 0-1

[Event "EOBCC 2020"]
[Site "Online"]
[Date "2020.12.18"]
[Round "2.71"]
[White "Sargissian, Gabriel"]
[Black "Sowinski, Pawel"]
[Result "1-0"]
[WhiteElo "2682"]
[BlackElo "1767"]
[PlyCount "63"]
[EventDate "2020.12.18"]
[EventType "tourn"]
[EventCountry "NET"]

1. d4 Nf6 2. c4 c5 3. d5 e6 4. Nc3 exd5 5. cxd5 d6 6. Nf3 g6 7. Bf4 Bg7 8. h3 O-O 9. e3 a6 10. a4 Re8 11. Be2 h5 12. O-O Bf5 13. Nd2 Ne4 14. Ncxe4 Bxe4 15. Nc4 Be5 16. Bxe5 dxe5 17. Bf3 Bxf3 18. Qxf3 e4 19. Qf4 Qxd5 20. Nb6 Ra7 21. Nxd5 Nc6 22. Nf6+ Kf8 23. Nxe8 Kxe8 24. Rad1 b5 25. Qxe4+ Ne7 26. Qe5 bxa4 27. Qh8+ Ng8 28. Qxg8+ Ke7 29. Qd8+ Ke6 30. Rd6+ Kf5 31. Qf6+ Ke4 32. Qf4# 1-0

[Event "EOBCC 2020"]
[Site "Online"]
[Date "2020.12.18"]
[Round "2.72"]
[White "Grandelius, Nils"]
[Black "Gaehwiler, Gabriel"]
[Result "1-0"]
[WhiteElo "2663"]
[BlackElo "2408"]
[PlyCount "111"]
[EventDate "2020.12.18"]
[EventType "tourn"]
[EventCountry "NET"]

1. Nf3 g6 2. d4 Nf6 3. Nbd2 d5 4. e3 Bg7 5. b4 c6 6. Be2 O-O 7. O-O Bf5 8. c4 Ne4 9. Bb2 Nd7 10. Nxe4 Bxe4 11. Nd2 Bf5 12. Qb3 Nf6 13. b5 Ne4 14. Rfd1 dxc4 15. Nxc4 Be6 16. a4 Qd5 17. bxc6 bxc6 18. Qc2 Rab8 19. Ba3 Rfe8 20. f3 Nd6 21. e4 Qxd4+ 22. Kh1 Qxa1 23. Rxa1 Bxa1 24. Nxd6 exd6 25. Bxd6 Rb2 26. Qd1 Bb3 27. Qxa1 Rxe2 28. h3 Rd2 29. Qf6 Rd1+ 30. Kh2 h5 31. Be5 Rxe5 32. Qxe5 Bxa4 33. Qb8+ Kg7 34. Qxa7 Bb5 35. Kg3 Rd2 36. Qe3 Re2 37. Qc3+ Kg8 38. h4 Ra2 39. Qc1 Ra4 40. Kf4 Rc4 41. Qd2 Rc5 42. Qd6 Rc4 43. Kg5 Rc2 44. g3 Kg7 45. Qf6+ Kf8 46. Qd8+ Kg7 47. Qf6+ Kf8 48. Kh6 Rd2 49. Qh8+ Ke7 50. Qe5+ Kf8 51. Qc5+ Kg8 52. Qa7 Rd8 53. Qe7 Ra8 54. Qf6 Kf8 55. Qh8+ Ke7 56. Qxa8 1-0

[Event "EOBCC 2020"]
[Site "Online"]
[Date "2020.12.18"]
[Round "2.74"]
[White "Kovalenko, Igor"]
[Black "Yatzenko, Anton"]
[Result "1-0"]
[WhiteElo "2643"]
[BlackElo "2379"]
[PlyCount "73"]
[EventDate "2020.12.18"]
[EventType "tourn"]
[EventCountry "NET"]

1. d4 d5 2. Nf3 Nf6 3. c4 e6 4. Nc3 Be7 5. Bg5 h6 6. Bxf6 Bxf6 7. e3 O-O 8. Rc1 c6 9. a3 Nd7 10. h3 Re8 11. cxd5 exd5 12. Bd3 a5 13. O-O Nb6 14. Bb1 g6 15. Ne2 Bg7 16. Nf4 Qd6 17. Nd3 Nc4 18. Ba2 b5 19. a4 Bf5 20. b3 Nb6 21. Nc5 Re7 22. Bb1 Bxb1 23. Rxb1 Nd7 24. Rc1 Nb6 25. Qd3 bxa4 26. bxa4 Nc4 27. Rb1 Rb8 28. Rxb8+ Qxb8 29. Rb1 Qc8 30. Nd2 Nd6 31. Rb6 Rc7 32. Qa6 Qe8 33. Rb1 Nf5 34. Qxa5 Re7 35. Nf1 h5 36. Qb4 Kh7 37. Qb8 1-0